[Event "Heusenstamm Sparkassen op-A 4th"]
[Site "Heusenstamm"]
[Date "2017.11.25"]
[Round "4"]
[White "Rack, Matthias"]
[Black "Heindrich, Mark"]
[Result "1/2-1/2"]
[WhiteElo "1984"]
[BlackElo "2134"]
[PlyCount "31"]
[EventDate "2017.11.23"]
[EventType "swiss"]
[EventRounds "7"]
[EventCountry "GER"]
[SourceTitle "EXT 2019"]
[Source "ChessBase"]
[SourceDate "2018.10.10"]
[SourceVersion "1"]
[SourceVersionDate "2018.10.10"]
[SourceQuality "1"]

1. d4 d5 2. Nf3 Bf5 3. c4 e6 4. Nc3 Nc6 5. cxd5 exd5 6. Qb3 Nf6 7. Bg5 Na5 8. Qa4+ c6 9. Bxf6 gxf6 10. e3 Qb6 11. 0-0-0 0-0-0 12. Nh4 Bg6 13. Bd3 Bxd3 14. Rxd3 Nc4 15. Qc2 Kb8 16. Re1 1/2-1/2

[Event "Heusenstamm Sparkassen op-A 3rd"]
[Site "Heusenstamm"]
[Date "2016.11.27"]
[Round "6"]
[White "Rack, Matthias"]
[Black "Flach, Helene"]
[Result "1/2-1/2"]
[WhiteElo "2038"]
[BlackElo "1820"]
[PlyCount "33"]
[EventDate "2016.11.24"]
[EventType "swiss"]
[EventRounds "7"]
[EventCountry "GER"]
[SourceTitle "EXT 2018"]
[Source "ChessBase"]
[SourceDate "2017.10.13"]
[SourceVersion "1"]
[SourceVersionDate "2017.10.13"]
[SourceQuality "1"]

1. Nf3 d5 2. d4 Nf6 3. g3 e6 4. Bg2 Be7 5. c4 0-0 6. 0-0 Nbd7 7. c5 Re8 8. Nc3 Nf8 9. Ne5 c6 10. b4 Ng6 11. Nxg6 hxg6 12. a4 b6 13. Qd3 bxc5 14. bxc5 Qa5 15. Bd2 Ba6 16. Qc2 Qd8 17. Rfe1 1/2-1/2

[Event "Main Vogelsberg op 10th"]
[Site "Hanau"]
[Date "2015.05.23"]
[Round "2"]
[White "Rack, Matthias"]
[Black "Slobodetski, Oleg"]
[Result "1-0"]
[WhiteElo "1942"]
[BlackElo "1686"]
[PlyCount "73"]
[EventDate "2015.05.22"]
[EventType "swiss"]
[EventRounds "7"]
[EventCountry "GER"]
[SourceTitle "EXT 2016"]
[Source "ChessBase"]
[SourceDate "2015.10.08"]
[SourceVersion "1"]
[SourceVersionDate "2015.10.08"]
[SourceQuality "1"]

1. Nf3 Nf6 2. g3 d5 3. Bg2 e6 4. 0-0 Bd6 5. c4 c6 6. b3 0-0 7. Bb2 Nbd7 8. d4 Ne4 9. Nbd2 Nxd2 10. Nxd2 f5 11. Qc2 f4 12. e4 dxe4 13. Nxe4 Nf6 14. a4 Nxe4 15. Bxe4 h6 16. Rad1 Qg5 17. Qc3 a5 18. Kg2 Bb4 19. Qd3 Bd6 20. Rfe1 Bd7 21. h4 Qd8 22. d5 exd5 23. Bh7+ Kh8 24. Qg6 f3+ 25. Kh2 Rf6 26. Bxf6 Qxf6 27. Qxf6 gxf6 28. Bg6 Bg4 29. cxd5 c5 30. Rd3 f5 31. Re6 Rd8 32. Re8+ Rxe8 33. Bxe8 Kg7 34. Bb5 Kf6 35. Re3 Be5 36. Kg1 b6 37. Kf1 1-0

[Event "Main Vogelsberg op 10th"]
[Site "Hanau"]
[Date "2015.05.22"]
[Round "1"]
[White "Saluvar, Buelent"]
[Black "Rack, Matthias"]
[Result "0-1"]
[WhiteElo "1570"]
[BlackElo "1942"]
[PlyCount "64"]
[EventDate "2015.05.22"]
[EventType "swiss"]
[EventRounds "7"]
[EventCountry "GER"]
[SourceTitle "EXT 2016"]
[Source "ChessBase"]
[SourceDate "2015.10.08"]
[SourceVersion "1"]
[SourceVersionDate "2015.10.08"]
[SourceQuality "1"]

1. d4 d5 2. c4 e6 3. Nf3 Nf6 4. Bg5 c6 5. e3 Nbd7 6. Bd3 Qa5+ 7. Nbd2 Ne4 8. Bf4 g5 9. Bxe4 gxf4 10. Bd3 fxe3 11. fxe3 dxc4 12. Bxc4 Nb6 13. 0-0 Bg7 14. Nb3 Qh5 15. Be2 Qh6 16. Qc1 Nd5 17. e4 Nf4 18. Qc2 Rg8 19. Ne1 e5 20. d5 Bd7 21. dxc6 Bxc6 22. Na5 Bd7 23. Bf3 Qb6+ 24. Kh1 Qxa5 25. b4 Qb5 26. Rf2 Rc8 27. Qb2 Ke7 28. a4 Qb6 29. b5 Rc7 30. Rd1 Bf6 31. g3 Nh3 32. Rfd2 Qg1# 0-1

[Event "Main Vogelsberg op 8th"]
[Site "Hanau"]
[Date "2013.06.01"]
[Round "5"]
[White "Lanz, Udo"]
[Black "Rack, Matthias"]
[Result "1/2-1/2"]
[WhiteElo "1767"]
[BlackElo "1902"]
[PlyCount "37"]
[EventDate "2013.05.30"]
[EventType "swiss"]
[EventRounds "7"]
[EventCountry "GER"]
[SourceTitle "EXT 2014"]
[Source "ChessBase"]
[SourceDate "2013.11.20"]
[SourceVersion "1"]
[SourceVersionDate "2013.11.20"]
[SourceQuality "1"]

1. e4 e5 2. Nf3 Nf6 3. Nc3 Nc6 4. Bb5 Bb4 5. d3 d6 6. h3 a6 7. Ba4 b5 8. Bb3 Nd4 9. 0-0 Nxb3 10. axb3 Bd7 11. Ne2 Bc5 12. Be3 Bxe3 13. fxe3 0-0 14. Qe1 g6 15. Qh4 Nh5 16. g4 Qxh4 17. Nxh4 Ng7 18. Ng3 a5 19. Kh2 1/2-1/2

[Event "Main Vogelsberg op 7th"]
[Site "Hanau"]
[Date "2012.06.08"]
[Round "3"]
[White "Kempf, Alexander"]
[Black "Rack, Matthias"]
[Result "0-1"]
[WhiteElo "1837"]
[BlackElo "2049"]
[PlyCount "70"]
[EventDate "2012.06.07"]
[EventType "swiss"]
[EventRounds "7"]
[EventCountry "GER"]
[SourceTitle "EXT 2013"]
[Source "ChessBase"]
[SourceDate "2012.11.22"]
[SourceVersion "1"]
[SourceVersionDate "2012.11.22"]
[SourceQuality "1"]

1. e4 e5 2. Nf3 Nf6 3. Nxe5 d6 4. Nf3 Nxe4 5. d4 d5 6. Bd3 Bg4 7. 0-0 Be7 8. Nbd2 Nf6 9. c3 0-0 10. Qb3 Qc8 11. Ne5 Bh5 12. f4 c5 13. Bb1 cxd4 14. cxd4 Nc6 15. Qe3 Nxd4 16. Kh1 Bc5 17. Nb3 Nxb3 18. Qxb3 Be2 19. Re1 Ba6 20. Bd2 Qd8 21. Bf5 Re8 22. Bc3 b6 23. Red1 Bb7 24. Rd3 g6 25. Rg3 Nh5 26. Rg4 Ng7 27. Bc2 Bc8 28. Rg3 Be6 29. Rd1 Qh4 30. Qa4 Nh5 31. Rf3 Ng7 32. Rg3 a6 33. Nf3 Qh6 34. Ng5 Nh5 35. f5 Nxg3# 0-1

[Event "Hessen-chA"]
[Site "Offenbach"]
[Date "2012.04.06"]
[Round "5"]
[White "Rack, Matthias"]
[Black "Schloessner, Henrik"]
[Result "1/2-1/2"]
[WhiteElo "2049"]
[BlackElo "2046"]
[PlyCount "28"]
[EventDate "2012.04.05"]
[EventType "swiss"]
[EventRounds "7"]
[EventCountry "GER"]
[SourceTitle "EXT 2013"]
[Source "ChessBase"]
[SourceDate "2012.11.22"]
[SourceVersion "1"]
[SourceVersionDate "2012.11.22"]
[SourceQuality "1"]

1. d4 Nf6 2. Nf3 g6 3. g3 Bg7 4. Bg2 0-0 5. 0-0 d6 6. c3 c6 7. Nbd2 Qc7 8. e4 e5 9. Qc2 h6 10. b3 Be6 11. Ba3 Re8 12. Rfe1 Nbd7 13. Rad1 Rad8 14. h3 Nf8 1/2-1/2

[Event "Hessen-chA"]
[Site "Offenbach"]
[Date "2012.04.05"]
[Round "2"]
[White "Braun, Ingram H"]
[Black "Rack, Matthias"]
[Result "0-1"]
[WhiteElo "1973"]
[BlackElo "2049"]
[PlyCount "38"]
[EventDate "2012.04.05"]
[EventType "swiss"]
[EventRounds "7"]
[EventCountry "GER"]
[SourceTitle "EXT 2013"]
[Source "ChessBase"]
[SourceDate "2012.11.22"]
[SourceVersion "1"]
[SourceVersionDate "2012.11.22"]
[SourceQuality "1"]

1. e4 c5 2. c3 e5 3. Nf3 Nc6 4. d4 exd4 5. cxd4 cxd4 6. Nxd4 Bc5 7. Nb3 Bb6 8. Bc4 Qh4 9. 0-0 Ne5 10. Qd5 Bc7 11. h3 d6 12. Bb5+ Kf8 13. f4 Nf6 14. Qd1 Bb6+ 15. Kh1 Bxh3 16. Qe1 Qh5 17. Be3 Bd7+ 18. Kg1 Neg4 19. Rf3 Qh2+ 0-1

[Event "Main Vogelsberg op 6th"]
[Site "Hanau"]
[Date "2011.06.05"]
[Round "6"]
[White "Anders, Eric"]
[Black "Rack, Matthias"]
[Result "0-1"]
[WhiteElo "1708"]
[BlackElo "1837"]
[PlyCount "92"]
[EventDate "2011.06.02"]
[EventType "swiss"]
[EventRounds "7"]
[EventCountry "GER"]
[SourceTitle "CBM 142 Extra"]
[Source "ChessBase"]
[SourceDate "2011.06.27"]
[SourceVersion "1"]
[SourceVersionDate "2011.06.27"]
[SourceQuality "1"]

1. e4 e5 2. Nf3 Nf6 3. Nxe5 d6 4. Nf3 Nxe4 5. d3 Nf6 6. d4 Be7 7. Bd3 Bg4 8. Bg5 Nbd7 9. Nbd2 Nd5 10. Be3 Nxe3 11. fxe3 Nf6 12. c4 Qd7 13. Qb3 0-0 14. 0-0 c6 15. Rae1 Rfe8 16. Ne4 Nxe4 17. Bxe4 Bf6 18. Qc2 h6 19. Bh7+ Kh8 20. Bd3 Bxf3 21. gxf3 Re7 22. Bf5 Qe8 23. Qd3 g6 24. Bh3 c5 25. Qd2 Kh7 26. d5 Rb8 27. b3 b5 28. cxb5 Qxb5 29. Qe2 Qb4 30. e4 Rbe8 31. Qd3 Be5 32. Kh1 Bf4 33. Qc4 Qxc4 34. bxc4 Rb7 35. Rb1 Reb8 36. Rxb7 Rxb7 37. Kg2 Rb4 38. Rf2 Kg7 39. Rc2 Kf6 40. Bd7 g5 41. h3 h5 42. Kf1 Rb1+ 43. Ke2 Ke5 44. Kd3 f6 45. Bc8 Re1 46. Re2 Rf1 0-1

[Event "Main Vogelsberg op 6th"]
[Site "Hanau"]
[Date "2011.06.03"]
[Round "3"]
[White "Kolker, Vladislav"]
[Black "Rack, Matthias"]
[Result "0-1"]
[WhiteElo "1967"]
[BlackElo "1837"]
[PlyCount "30"]
[EventDate "2011.06.02"]
[EventType "swiss"]
[EventRounds "7"]
[EventCountry "GER"]
[SourceTitle "CBM 142 Extra"]
[Source "ChessBase"]
[SourceDate "2011.06.27"]
[SourceVersion "1"]
[SourceVersionDate "2011.06.27"]
[SourceQuality "1"]

1. e4 d5 2. exd5 Qxd5 3. Nc3 Qd6 4. d4 Nf6 5. Nf3 c6 6. Ne5 Bf5 7. Bf4 Nbd7 8. Nxf7 Qxf4 9. g3 Qc7 10. Nxh8 e6 11. f3 Be7 12. Qd2 e5 13. Bc4 exd4 14. Nd1 Ne5 15. Qf4 Qa5+ 0-1

[Event "Main Vogelsberg op 6th"]
[Site "Hanau"]
[Date "2011.06.02"]
[Round "1"]
[White "Muegendt, Brian Christopher"]
[Black "Rack, Matthias"]
[Result "0-1"]
[WhiteElo "1191"]
[BlackElo "1837"]
[PlyCount "68"]
[EventDate "2011.06.02"]
[EventType "swiss"]
[EventRounds "7"]
[EventCountry "GER"]
[SourceTitle "CBM 142 Extra"]
[Source "ChessBase"]
[SourceDate "2011.06.27"]
[SourceVersion "1"]
[SourceVersionDate "2011.06.27"]
[SourceQuality "1"]

1. e4 e5 2. Nf3 Nf6 3. Nxe5 d6 4. Nf3 Nxe4 5. d4 d5 6. Bb5+ c6 7. Bd3 Bd6 8. Qe2 0-0 9. 0-0 Re8 10. Re1 Nf6 11. Qd1 Bg4 12. h3 Rxe1+ 13. Qxe1 Bxf3 14. gxf3 Qc8 15. Qf1 Nbd7 16. Nc3 Qc7 17. Qg2 Nf8 18. Bg5 Nh5 19. Ne2 Ne6 20. h4 Re8 21. Re1 Nef4 22. Qg4 Nxd3 23. cxd3 g6 24. Kf1 f5 25. Qg2 Kg7 26. Nc3 Rxe1+ 27. Kxe1 Qb6 28. Bc1 Qxd4 29. Qf1 Kf7 30. Be3 Qe5 31. d4 Qe7 32. Qh1 f4 33. Ke2 fxe3 34. fxe3 Ng3+ 0-1

[Event "Hessen-ch Gr-C 64th"]
[Site "Bad Vilbel"]
[Date "2010.04.04"]
[Round "7"]
[White "Ritscher, Georg"]
[Black "Rack, Matthias"]
[Result "1/2-1/2"]
[WhiteElo "1962"]
[BlackElo "2056"]
[PlyCount "36"]
[EventDate "2010.03.31"]
[EventType "swiss"]
[EventRounds "7"]
[EventCountry "GER"]
[SourceTitle "EXT 2011"]
[Source "ChessBase"]
[SourceDate "2010.11.26"]
[SourceVersion "1"]
[SourceVersionDate "2010.11.26"]
[SourceQuality "1"]

1. e4 e5 2. Nf3 Nf6 3. Nc3 Nc6 4. a3 Be7 5. Bb5 d6 6. h3 0-0 7. 0-0 a6 8. Ba4 b5 9. Bb3 Bb7 10. d3 h6 11. Re1 Na5 12. Ba2 c5 13. Ne2 c4 14. Ng3 Bc8 15. Qe2 Be6 16. Bd2 Rc8 17. d4 exd4 18. Nxd4 Bd7 1/2-1/2

[Event "Hessen-ch Gr-C 64th"]
[Site "Bad Vilbel"]
[Date "2010.04.03"]
[Round "6"]
[White "Rack, Matthias"]
[Black "Risius, Philipp"]
[Result "1/2-1/2"]
[WhiteElo "2056"]
[BlackElo "1777"]
[PlyCount "99"]
[EventDate "2010.03.31"]
[EventType "swiss"]
[EventRounds "7"]
[EventCountry "GER"]
[SourceTitle "EXT 2011"]
[Source "ChessBase"]
[SourceDate "2010.11.26"]
[SourceVersion "1"]
[SourceVersionDate "2010.11.26"]
[SourceQuality "1"]

1. d4 d5 2. Nf3 Bf5 3. c4 e6 4. Nc3 c6 5. e3 Nf6 6. Qb3 Qc7 7. Bd2 Nbd7 8. cxd5 exd5 9. Rc1 Qb6 10. Qxb6 Nxb6 11. h3 h6 12. Be2 Bd6 13. 0-0 0-0 14. b3 Ba3 15. Rcd1 Bc2 16. Rde1 a5 17. Bd1 Bd3 18. Be2 Bc2 19. Bd1 Bd3 20. Be2 Bxe2 21. Rxe2 a4 22. Rb1 axb3 23. Rxb3 Ra6 24. Ne5 Bd6 25. Nd3 Nfd7 26. Nb4 Ra7 27. e4 Bxb4 28. Rxb4 dxe4 29. Rxe4 Nd5 30. Nxd5 cxd5 31. Re7 Rxa2 32. Bf4 Nb8 33. Rbxb7 Nc6 34. Red7 Nd8 35. Rb5 Ne6 36. Bd6 Nxd4 37. Rbb7 Re8 38. Rxf7 Ne6 39. Be5 d4 40. Rfd7 d3 41. Rxd3 Rf8 42. f4 Rf7 43. Rxf7 Kxf7 44. Rd7+ Ke8 45. Rb7 g5 46. g3 gxf4 47. gxf4 Ra4 48. f5 Ng5 49. Kg2 Ra5 50. Bg7 1/2-1/2

[Event "Hessen-ch Gr-C 64th"]
[Site "Bad Vilbel"]
[Date "2010.04.02"]
[Round "5"]
[White "Francke, Helmut"]
[Black "Rack, Matthias"]
[Result "1/2-1/2"]
[WhiteElo "1987"]
[BlackElo "2056"]
[PlyCount "143"]
[EventDate "2010.03.31"]
[EventType "swiss"]
[EventRounds "7"]
[EventCountry "GER"]
[SourceTitle "EXT 2011"]
[Source "ChessBase"]
[SourceDate "2010.11.26"]
[SourceVersion "1"]
[SourceVersionDate "2010.11.26"]
[SourceQuality "1"]

1. Nf3 d5 2. g3 Nf6 3. Bg2 Bg4 4. d3 Nbd7 5. Nbd2 e5 6. h3 Bh5 7. 0-0 Bd6 8. e4 c6 9. c3 Qc7 10. Qc2 Bg6 11. Nh4 0-0-0 12. Nb3 Nc5 13. Nxc5 Bxc5 14. b4 Be7 15. Rb1 Nh5 16. Nxg6 hxg6 17. b5 dxe4 18. dxe4 Bc5 19. Kh2 Nf6 20. Qe2 Rd6 21. h4 Nh5 22. Bh3+ Kb8 23. bxc6 Qxc6 24. Qb5 Rhd8 25. Qxc6 Rxc6 26. Rb3 Rd3 27. Bg5 Bb6 28. Rfb1 Rcxc3 29. Rxc3 Rxc3 30. g4 Nf4 31. Bxf4 exf4 32. Rb2 Bc7 33. g5 Rc1 34. Kg2 a6 35. Rd2 Re1 36. Kf3 Rc1 37. Bg4 Rc3+ 38. Kg2 Bb6 39. Bf3 Rc7 40. e5 Re7 41. Bd5 Bc7 42. e6 fxe6 43. Be4 Ba5 44. Rc2 e5 45. Kf3 Re6 46. Bd5 Re7 47. Be4 Re6 48. Bd5 Rd6 49. Ke4 Bc7 50. Rb2 b6 51. Rc2 Rd8 52. Rc6 Rd6 53. Rxd6 Bxd6 54. Bf7 Kc8 55. Bxg6 Kd7 56. Kd5 Ke7 57. f3 b5 58. Bd3 Bc7 59. Kc6 Bd8 60. Kb7 a5 61. Bxb5 Ke6 62. Bd3 Kd7 63. Be4 Be7 64. a4 Bc5 65. Ka6 Bb4 66. Kb5 Be1 67. h5 Ke6 68. h6 gxh6 69. gxh6 Kf7 70. Kc5 Bb4+ 71. Kd5 Bc3 72. Kd6 1/2-1/2

[Event "Hessen-ch Gr-C 64th"]
[Site "Bad Vilbel"]
[Date "2010.03.31"]
[Round "1"]
[White "Haftmann, Rainer"]
[Black "Rack, Matthias"]
[Result "0-1"]
[WhiteElo "1881"]
[BlackElo "2056"]
[PlyCount "50"]
[EventDate "2010.03.31"]
[EventType "swiss"]
[EventRounds "7"]
[EventCountry "GER"]
[SourceTitle "EXT 2011"]
[Source "ChessBase"]
[SourceDate "2010.11.26"]
[SourceVersion "1"]
[SourceVersionDate "2010.11.26"]
[SourceQuality "1"]

1. e4 e5 2. Nf3 Nf6 3. Nxe5 d6 4. Nf3 Nxe4 5. d4 d5 6. Bd3 Bd6 7. 0-0 0-0 8. c4 c6 9. Nc3 f5 10. Ne5 Na6 11. cxd5 cxd5 12. Qb3 Nxc3 13. bxc3 Bxe5 14. Bxa6 Bxh2+ 15. Kxh2 bxa6 16. f4 Re8 17. Qd1 Rb8 18. Qf3 a5 19. Ba3 Ba6 20. Rfb1 Re4 21. Rxb8 Qxb8 22. g3 Qe8 23. Rg1 Be2 24. Qg2 Bg4 25. Kh1 Qh5+ 0-1

[Event "Hessen-ch Gr-B"]
[Site "Idstein"]
[Date "2009.04.09"]
[Round "2"]
[White "Wolff, Peter"]
[Black "Rack, Matthias"]
[Result "1/2-1/2"]
[WhiteElo "2021"]
[BlackElo "2058"]
[PlyCount "52"]
[EventDate "2009.04.08"]
[EventType "swiss"]
[EventRounds "7"]
[EventCountry "GER"]
[SourceTitle "EXT 2010"]
[Source "ChessBase"]
[SourceDate "2010.11.25"]
[SourceVersion "1"]
[SourceVersionDate "2010.11.25"]
[SourceQuality "1"]

1. c4 e5 2. Nc3 Nf6 3. g3 Nc6 4. Bg2 Nd4 5. Rb1 Be7 6. e3 Nc6 7. Nge2 0-0 8. 0-0 d6 9. b4 Rb8 10. Nd5 Re8 11. Nec3 a6 12. a4 Bf8 13. b5 axb5 14. axb5 Nxd5 15. Nxd5 Ne7 16. Qc2 Be6 17. Bb2 c6 18. Nxe7+ Rxe7 19. bxc6 bxc6 20. Bxc6 Rc7 21. Qa4 Qc8 22. Bd5 Bf5 23. e4 Bxe4 24. Bxe4 Rxc4 25. Bxh7+ Kxh7 26. Qd1 Qf5 1/2-1/2

[Event "Hessen-ch Gr-B"]
[Site "Idstein"]
[Date "2009.04.08"]
[Round "1"]
[White "Rack, Matthias"]
[Black "Kosak, Michael"]
[Result "0-1"]
[WhiteElo "2058"]
[BlackElo "2127"]
[PlyCount "114"]
[EventDate "2009.04.08"]
[EventType "swiss"]
[EventRounds "7"]
[EventCountry "GER"]
[SourceTitle "EXT 2010"]
[Source "ChessBase"]
[SourceDate "2010.11.25"]
[SourceVersion "1"]
[SourceVersionDate "2010.11.25"]
[SourceQuality "1"]

1. d4 Nf6 2. c4 g6 3. Nc3 Bg7 4. e4 d6 5. f3 0-0 6. Be3 e5 7. Nge2 exd4 8. Nxd4 Re8 9. Qd2 a6 10. Be2 Nc6 11. Nxc6 bxc6 12. 0-0 Qe7 13. Bh6 Bh8 14. Bg5 Qe5 15. Bf4 Qe6 16. Rae1 Rb8 17. Bd3 Nd7 18. Bg3 Ne5 19. Bxe5 Bxe5 20. f4 Bd4+ 21. Kh1 Qe7 22. b3 Bb7 23. Rf3 Rf8 24. Ne2 Bg7 25. Ref1 c5 26. f5 gxf5 27. Rg3 fxe4 28. Qh6 f5 29. Bc2 Rf6 30. Qh4 Qf7 31. Nf4 Rf8 32. Bd1 Kh8 33. Bh5 Rh6 34. Rh3 Bf6 35. Qg3 Qg7 36. Ne6 Qxg3 37. hxg3 Rg8 38. Rxf5 Bc8 39. Bf7 Rxh3+ 40. gxh3 e3 41. Kg2 e2 42. Kf2 Bc3 43. Kxe2 Bxe6 44. Bxe6 Re8 45. Kd3 Rxe6 46. Kxc3 Re3+ 47. Kc2 Rxg3 48. Rf7 Rxh3 49. Rxc7 Rh2+ 50. Kb1 h5 51. Rd7 Rd2 52. b4 h4 53. bxc5 h3 54. Kc1 Rf2 55. Rxd6 h2 56. Rd1 Rg2 57. c6 Rg1 0-1

[Event "Hessen-ch Gr-C 62nd"]
[Site "Hanau"]
[Date "2008.03.22"]
[Round "6"]
[White "Rack, Matthias"]
[Black "Iwanziw, Niklas"]
[Result "1-0"]
[WhiteElo "2051"]
[BlackElo "1820"]
[PlyCount "85"]
[EventDate "2008.03.19"]
[EventType "swiss"]
[EventRounds "7"]
[EventCountry "GER"]
[SourceTitle "CBM 123 Extra"]
[Source "ChessBase"]
[SourceDate "2008.05.06"]
[SourceVersion "1"]
[SourceVersionDate "2008.05.06"]
[SourceQuality "1"]

1. Nf3 Nf6 2. g3 c5 3. d3 Nc6 4. Bg2 e5 5. e4 d5 6. Nbd2 Be7 7. 0-0 0-0 8. b3 d4 9. a4 Ne8 10. Nc4 Bf6 11. Nfd2 Rb8 12. f4 b6 13. Nf3 Qc7 14. fxe5 Be7 15. Bf4 Be6 16. Na3 Qd7 17. Qe2 Rb7 18. h4 Bg4 19. Qf2 Bd8 20. Nb5 Be7 21. Na3 a6 22. Nc4 b5 23. axb5 axb5 24. Na5 Nxa5 25. Rxa5 Bd8 26. Ra6 Qe7 27. Kh2 Bc7 28. Rfa1 Bxf3 29. Qxf3 Bxe5 30. Bxe5 Qxe5 31. Qf4 f6 32. Rc6 Rc7 33. Rb6 b4 34. Ra8 Kf7 35. Bh3 Qxf4 36. gxf4 g6 37. Be6+ Ke7 38. Bd5 h6 39. Kg3 g5 40. hxg5 hxg5 41. fxg5 fxg5 42. Rg6 Rd7 43. Re6+ 1-0

[Event "Hessen-ch Gr-C 62nd"]
[Site "Hanau"]
[Date "2008.03.21"]
[Round "4"]
[White "Rack, Matthias"]
[Black "Schnegelsberg, Karl Heinz"]
[Result "1-0"]
[WhiteElo "2051"]
[BlackElo "2044"]
[PlyCount "121"]
[EventDate "2008.03.19"]
[EventType "swiss"]
[EventRounds "7"]
[EventCountry "GER"]
[SourceTitle "CBM 123 Extra"]
[Source "ChessBase"]
[SourceDate "2008.05.06"]
[SourceVersion "1"]
[SourceVersionDate "2008.05.06"]
[SourceQuality "1"]

1. d4 Nf6 2. c4 g6 3. Nc3 d5 4. cxd5 Nxd5 5. Bd2 Nb6 6. Nf3 Bg7 7. Rc1 0-0 8. e3 Nc6 9. Bb5 Bd7 10. 0-0 a6 11. Be2 Bf5 12. Nh4 Bc8 13. Nf3 e5 14. dxe5 Qe7 15. Na4 Nd7 16. Nc3 Nb6 17. Na4 Nd7 18. Nc3 Ndxe5 19. Nd5 Qd6 20. Bc3 Bg4 21. Nxe5 Bxe2 22. Qxe2 Nxe5 23. Rfd1 c5 24. f4 Rae8 25. fxe5 Bxe5 26. Bxe5 Rxe5 27. Nf4 Qe7 28. Rc3 b5 29. a3 c4 30. Qf3 f5 31. Rd5 Re4 32. Rd4 Re5 33. Nd5 Qc5 34. Nb4 a5 35. Rd5 Rxd5 36. Qxd5+ Qxd5 37. Nxd5 Rd8 38. e4 Kf7 39. Rc2 fxe4 40. Nc3 e3 41. Kf1 b4 42. axb4 axb4 43. Ne4 c3 44. Ke2 Ra8 45. bxc3 b3 46. Rb2 Ra2 47. Nd6+ Ke6 48. Nc4 Kd5 49. Nxe3+ Kc5 50. Nd1 Kc4 51. Kd2 Ra3 52. Ne3+ Kc5 53. Kd3 Kc6 54. c4 Kc5 55. Kc3 Ra1 56. Rxb3 Rc1+ 57. Kd3 Ra1 58. Rb7 h5 59. Ke4 Ra4 60. Rb5+ Kc6 61. Rg5 1-0

[Event "Hessen-ch Gr-C 62nd"]
[Site "Hanau"]
[Date "2008.03.19"]
[Round "1"]
[White "Foerster, Rudi"]
[Black "Rack, Matthias"]
[Result "0-1"]
[WhiteElo "1914"]
[BlackElo "2051"]
[PlyCount "100"]
[EventDate "2008.03.19"]
[EventType "swiss"]
[EventRounds "7"]
[EventCountry "GER"]
[SourceTitle "CBM 123 Extra"]
[Source "ChessBase"]
[SourceDate "2008.05.06"]
[SourceVersion "1"]
[SourceVersionDate "2008.05.06"]
[SourceQuality "1"]

1. e4 d5 2. exd5 Qxd5 3. Nc3 Qd8 4. d4 Nf6 5. Bg5 c6 6. Qd2 Bf5 7. Bc4 Nbd7 8. Nf3 h6 9. Bxf6 Nxf6 10. 0-0-0 e6 11. Qe2 Bb4 12. d5 Bxc3 13. dxe6 Bxb2+ 14. Kxb2 Qb6+ 15. Ka1 0-0 16. Ne5 fxe6 17. Nd7 Nxd7 18. Bxe6+ Kh8 19. Rxd7 Rae8 20. Qe5 Rf6 21. Rb1 Qxf2 22. Rbxb7 Qxc2 23. Qb2 Qxb2+ 24. Kxb2 Rfxe6 25. Rxg7 c5 26. Rxa7 Re3 27. Rgc7 Rb8+ 28. Rab7 Rxb7+ 29. Rxb7 Re2+ 30. Kc3 Rxa2 31. Rc7 Rxg2 32. h4 Rc2+ 33. Kb3 c4+ 34. Kb4 Bd3 35. Kc5 Rf2 36. Kd4 Rf4+ 37. Ke5 Rxh4 38. Kf6 Rf4+ 39. Ke5 Rf8 40. Kd4 Rg8 41. Ke5 Rg7 42. Rc8+ Kh7 43. Kf4 h5 44. Rc5 Kh6 45. Rc8 Rf7+ 46. Kg3 Kg5 47. Rg8+ Bg6 48. Rc8 h4+ 49. Kh2 Rf4 50. Kh3 Bf5+ 0-1

[Event "Main Vogelsberg op 2nd"]
[Site "Grossauheim"]
[Date "2007.06.07"]
[Round "2"]
[White "Rack, Matthias"]
[Black "Scholz, Uwe"]
[Result "0-1"]
[WhiteElo "1881"]
[BlackElo "1742"]
[PlyCount "66"]
[EventDate "2007.06.07"]
[EventType "swiss"]
[EventRounds "7"]
[EventCountry "GER"]
[SourceTitle "EXT 2008"]
[Source "ChessBase"]
[SourceDate "2007.11.25"]
[SourceVersion "1"]
[SourceVersionDate "2007.11.25"]
[SourceQuality "1"]

1. d4 d5 2. Nf3 Nf6 3. g3 c5 4. Bg2 Nc6 5. 0-0 e6 6. c3 Bd6 7. Nbd2 0-0 8. Re1 b6 9. e4 dxe4 10. Nxe4 Nxe4 11. Rxe4 Bb7 12. Rh4 Be7 13. Rh3 g6 14. Bh6 Re8 15. Qd2 Qd7 16. Rd1 Rad8 17. Qf4 f6 18. Qh4 f5 19. Bg5 h5 20. Qf4 e5 21. Qe3 cxd4 22. cxd4 Nxd4 23. Nxd4 Bxg2 24. Kxg2 exd4 25. Qd2 Qd5+ 26. Kg1 Qf3 27. Rc1 d3 28. Rh4 f4 29. Bxe7 Rxe7 30. Rxf4 Qe2 31. Qc3 d2 32. Qf6 dxc1Q+ 33. Kg2 Qcf1# 0-1

[Event "Main Vogelsberg op 2nd"]
[Site "Grossauheim"]
[Date "2007.06.07"]
[Round "1"]
[White "Voellinger, Florian"]
[Black "Rack, Matthias"]
[Result "0-1"]
[WhiteElo "1543"]
[BlackElo "1881"]
[PlyCount "54"]
[EventDate "2007.06.07"]
[EventType "swiss"]
[EventRounds "7"]
[EventCountry "GER"]
[SourceTitle "EXT 2008"]
[Source "ChessBase"]
[SourceDate "2007.11.25"]
[SourceVersion "1"]
[SourceVersionDate "2007.11.25"]
[SourceQuality "1"]

1. d4 d5 2. c4 e6 3. Nc3 Nf6 4. cxd5 exd5 5. Bg5 Be7 6. Nf3 0-0 7. e3 c6 8. Qc2 Re8 9. Be2 Nbd7 10. 0-0 h6 11. Bf4 Nf8 12. a3 Ng6 13. Bg3 Nh5 14. b4 Nxg3 15. hxg3 a6 16. Na4 Bd6 17. Nc5 Qe7 18. Rfc1 Nf8 19. Nh4 g6 20. Bd3 Kg7 21. Re1 Qf6 22. Nf3 Ne6 23. Re2 a5 24. Nxe6+ Bxe6 25. b5 c5 26. Ree1 c4 27. Bf1 Bf5 0-1

[Event "Hessen-ch qual-C"]
[Site "Erlensee"]
[Date "2007.04.06"]
[Round "5"]
[White "Gutacker, Stephan"]
[Black "Rack, Matthias"]
[Result "1/2-1/2"]
[WhiteElo "1980"]
[BlackElo "2040"]
[PlyCount "26"]
[EventDate "2007.04.04"]
[EventType "swiss"]
[EventRounds "7"]
[EventCountry "GER"]
[SourceTitle "CBM 117 Extra"]
[Source "ChessBase"]
[SourceDate "2007.05.09"]
[SourceVersion "1"]
[SourceVersionDate "2007.05.09"]
[SourceQuality "1"]

1. e4 e5 2. Nf3 Nf6 3. Nxe5 d6 4. Nf3 Nxe4 5. d4 d5 6. Bf4 Bd6 7. Bxd6 Qxd6 8. Bd3 Qb4+ 9. Nbd2 0-0 10. 0-0 f5 11. Rb1 Nc6 12. c3 Qd6 13. Re1 Kh8 1/2-1/2